|
|
|
|
| LEADER |
00000nam a2200000 a 4500 |
| 001 |
vtls001352698 |
| 003 |
SK-MaSNL |
| 005 |
20260301010405.0 |
| 008 |
180126sm y0 xo 0 und |
| 035 |
|
|
|a SNK000306084
|
| 040 |
|
|
|a SNK
|b slo
|c SNK
|e AACR2
|
| 044 |
|
|
|a xo
|c SK
|
| 046 |
|
|
|a s
|m 199811 (účin. )
|
| 130 |
|
|
|a STN 36 1511 [neplatná] (STN IEC 60920)
|9 292125
|
| 245 |
1 |
|
|a STN IEC 60920 Zmena 1: 1998 [neplatná] (36 0511) Predradníky trubicových žiariviek
|b Všeobecné a bezpečnostné požiadavky
|
| 260 |
|
|
|a Bratislava
|b Úrad pre normalizáciu, metrológiu a skúšobníctvo SR
|c 1998
|
| 300 |
|
|
|a 9 s.
|
| 999 |
|
|
|c 548006
|d 549936
|
| 952 |
|
|
|t P60, <03>, [BOOK], {603}
|a SNK
|b SNK
|y PREZ
|7 0
|p 17A0174441
|o snkSTN IEC 60920 Zmena 1
|i snkN 105/99
|0 0
|1 0
|4 0
|d 1999-01-18
|l 0
|r 2005-01-02 00:00:00
|w 2026-02-23
|
| 952 |
|
|
|t P60, <04>, [BOOK], {604}
|a SNK
|b SNK
|y VYP
|7 0
|p 17A0174442
|o snkSTN IEC 60920 Zmena 1 D1
|i snkN 106/99
|0 0
|1 0
|4 0
|d 1999-01-18
|l 0
|r 2005-01-02 00:00:00
|w 2026-02-23
|